书目信息 |
| 题名: |
创造性心理学
|
|
| 作者: | 林崇德, 著 | |
| 分册: | ||
| 出版信息: | 北京 北京师范大学出版社 2018.05 |
|
| 页数: | 606页 | |
| 开本: | 25cm | |
| 丛书名: | ||
| 单 册: | ||
| 中图分类: | G305 | |
| 科图分类: | ||
| 主题词: | 创造心理学--chuang zao xin li xue | |
| 电子资源: | ||
| ISBN: | 978-7-303-22988-8 | |
| 000 | 01083nam0 2200265 450 | |
| 001 | 202019135685 | |
| 005 | 20191007123108.0 | |
| 010 | @a978-7-303-22988-8@b精装@dCNY128.00 | |
| 100 | @a20191004d2018 em y0chiy50 ea | |
| 101 | 0 | @achi |
| 102 | @aCN@b110000 | |
| 105 | @aak a 000yy | |
| 106 | @ar | |
| 200 | 1 | @a创造性心理学@Achuang zao xing xin li xue@d= Creativity psychology@f林崇德著@zeng |
| 210 | @a北京@c北京师范大学出版社@d2018.05 | |
| 215 | @a606页@c图@d25cm | |
| 314 | @a林崇德, 北京师范大学资深教授, 中国心理学会前理事长等。 | |
| 320 | @a有书目 (第572-606页) | |
| 330 | @a本书系统地梳理和总结了创造性心理学研究历史与现状, 深入分析了创造性心理结构的构成因素和环境因素, 提出创造性人才由创造性思维和创造性人格组成的特点。论证了创造性心理学研究对人才发展和培养的具体价值, 指出了创造性心理学研究的方向, 具有非常重要的学术坐和现实意义。 | |
| 510 | 1 | @aCreativity psychology@zeng |
| 606 | 0 | @a创造心理学@Achuang zao xin li xue |
| 690 | @aG305@v5 | |
| 701 | 0 | @a林崇德,@Alin chong de@f1941-@4著 |
| 801 | 0 | @aCN@c20190905 |
| 905 | @a河南城建学院图书馆@dG305@eL490 | |
| 创造性心理学= Creativity psychology/林崇德著.-北京:北京师范大学出版社,2018.05 |
| 606页:图;25cm |
| ISBN 978-7-303-22988-8(精装):CNY128.00 |
| 本书系统地梳理和总结了创造性心理学研究历史与现状, 深入分析了创造性心理结构的构成因素和环境因素, 提出创造性人才由创造性思维和创造性人格组成的特点。论证了创造性心理学研究对人才发展和培养的具体价值, 指出了创造性心理学研究的方向, 具有非常重要的学术坐和现实意义。 |
| ● |
| 相关链接 |
|
|
|
正题名:创造性心理学
索取号:G305/L490
 
预约/预借
| 序号 | 登录号 | 条形码 | 馆藏地/架位号 | 状态 | 备注 |
| 1 | 1444671 | 214446713 | 社科库409/409社科库 60排7列3层/ [索取号:G305/L490] | 在馆 |